000 01039nam a22002537a 4500
005 20240530110555.0
008 160223s2009 ua a g b 000 0 ara d
017 _a2009/9982
_bمصر . دار الكتب المصرية
020 _a9789774792174
040 _aEG-CaGPL
082 0 4 _221
_a141\
_bر ج
100 1 _aرويس ، جوزايا .
245 1 2 _aالجانب الدينى للفلسفة :
_bنقد لاسس السلوك و الايمان /
_cتاليف جوزايا رويس ؛ ترجمة احمد الانصارى ؛ مراجعة حسن حنفى .
250 _aط2.
260 _aالقاهرة :
_bالمركز القومى للترجمة ،
_c2009 .
300 _a339 ص ؛
_c24 سم .
490 0 _aالمركز القومى للترجمة ، العدد 2/201
650 0 4 _aالفلسفة و الدين .
650 0 4 _aالمثالية .
700 0 _aاحمد الانصارى
_eمترجم .
700 0 _aحسن حنفى
_eمراجع .
942 _2ddc
_cBK
999 _c62535
_d62535